[Event "Tres Barras Catarinense-ch"]
[Site "Tres Barras"]
[Date "2016.06.26"]
[Round "7"]
[White "Mekhitarian, Krikor Sevag"]
[Black "Leitao, Rafael Duailibe"]
[Result "0-1"]
[WhiteElo "2569"]
[BlackElo "2612"]
[PlyCount "92"]
[EventDate "2016.06.23"]
[EventType "swiss"]
[EventRounds "7"]
[EventCountry "BRA"]
[SourceTitle "EXT 2017"]
[Source "ChessBase"]
[SourceDate "2016.10.25"]
[SourceVersion "1"]
[SourceVersionDate "2016.10.25"]
[SourceQuality "1"]

1. c4 Nf6 2. Nc3 e5 3. Nf3 Nc6 4. g3 Bc5 5. Bg2 d6 6. O-O O-O 7. d3 h6 8. b3 a6
9. Bb2 Re8 10. e3 Ba7 11. Qd2 Ne7 12. Nh4 c6 13. Ne4 Nf5 14. Nxf5 Bxf5 15. Qb4
Nxe4 16. dxe4 Bc5 17. Qc3 Be6 18. b4 Bb6 19. Rfd1 Qe7 20. Rd2 a5 21. a3 axb4
22. axb4 Rxa1+ 23. Bxa1 Ra8 24. Bb2 c5 25. Rd1 cxb4 26. Qxb4 Bc5 27. Qb3 Qc7
28. Ra1 Rxa1+ 29. Bxa1 Qb6 30. Qxb6 Bxb6 31. Bf1 Ba5 32. f4 f6 33. Kf2 Kf8 34.
Bb2 Bb4 35. Bd3 Ke7 36. Ke2 Bg4+ 37. Kf2 Kd7 38. f5 Bh5 39. Bc2 Kc6 40. Ba4+
Kc5 41. Bd7 Kxc4 42. h3 Bd1 43. Be6+ Kd3 44. Bd5 Kc2 45. Ba1 b6 46. Ba2 b5 0-1

[Event "Concordia Rapid 2nd"]
[Site "Concordia"]
[Date "2016.07.09"]
[Round "5"]
[White "Mekhitarian, Krikor Sevag"]
[Black "Rodriguez Vila, Andres"]
[Result "1/2-1/2"]
[WhiteElo "2587"]
[BlackElo "2437"]
[Annotator "Mekhitarian,K"]
[PlyCount "110"]
[EventDate "2016.07.08"]
[EventType "swiss (rapid)"]
[EventRounds "7"]
[EventCountry "BRA"]
[SourceTitle "CBM 174"]
[Source "ChessBase"]
[SourceDate "2016.09.13"]
[SourceVersion "1"]
[SourceVersionDate "2016.09.13"]
[SourceQuality "1"]

1. e4 d6 2. d4 Nf6 3. Nc3 g6 4. Be3 Bg7 5. f3 O-O 6. Qd2 e5 7. Nge2 (7. d5 {
leads to a different kind of position. Normally I feel that in these setups,
it is better to keep the central tension (or let him play exd4, as in the game)
} c6 $5 {Starting immediate play.} 8. O-O-O cxd5 9. Nxd5 Nxd5 10. Qxd5 Nc6 11.
Qxd6 Qa5 $132) 7... exd4 8. Nxd4 Nc6 9. Be2 $6 (9. O-O-O {is the natural and
good continuation. I wanted to try something more positional in the game, but
clearly failed, and Black took over the initiative right away.} Nxd4 10. Bxd4
Be6 11. Kb1 Re8 12. g4 c5 13. Bf2 Qa5 14. Nd5 Qa4 {I remembered this game and
thought my opponent would be well prepared while I had no idea how to improve
White's play which ended in a quick draw.} 15. Nc3 Qa5 16. Nd5 Qa4 17. Nc3 {
1/2-1/2 (17) Vachier Lagrave,M (2711)-Vorotnikov,V (2464) Basel 2013}) 9... d5
$1 10. Nxc6 bxc6 11. Rd1 (11. e5 $5 {during the game I thought this would be a
bad move since it allows Black to have a strong knight on d5 and didn't
analyse much of it.} Nd7 12. f4 Nb6 13. O-O f6 14. exf6 Qxf6 $132 {this was
the kind of position I was trying to avoid, I felt my minor pieces would feel
awkward with his c6-d5 formation left untouched.}) 11... Be6 (11... Qe7 $5 {
I wasn't so sure how to continue from here.} 12. O-O dxe4 13. Bd4 {The only
way to avoid going into a worse position.} c5 (13... exf3 14. Bxf3 $44) 14. Bf2
Re8 15. fxe4 Bb7 16. Rfe1 $13) 12. O-O Qb8 $6 (12... dxe4 13. fxe4 Ng4 14. Qxd8
Rfxd8 15. Rxd8+ Rxd8 16. Bxa7 Ra8 17. Bxg4 Bxg4 18. Be3 Bxc3 19. bxc3 Rxa2 $11)
13. Bd4 $6 (13. b3 $1 dxe4 (13... Rd8 14. e5 Nd7 15. f4 f6 16. exf6 Nxf6 17.
Bf3 $16 {and Bd4}) 14. Nxe4 Nxe4 (14... Nd5 15. Bf2 $16) 15. fxe4 {Threatening
Qa5.} a5 16. a4 $14) 13... dxe4 14. fxe4 {Now Black must act precisely,
otherwise he has many positional problems.} Rd8 $1 15. Qe3 Rxd4 $1 {A strong
positional sacrifice, the g7-bishop becomes a monster and White's position is
very unstable after the loss of the b2-pawn.} 16. Qxd4 (16. Rxd4 Qxb2 17. Rb1
Qa3 $44 {and the position remains unclear.}) 16... Ng4 (16... Nd7 $5 {was also
interesting} 17. Qa4 Qb6+ 18. Kh1 Rb8 $44) 17. Qc5 Qxb2 18. Qxc6 (18. Bxg4 Bxg4
19. Rd3 Qb6 {and I'm starting to prefer Black already!} (19... Qxc2 $5 20. Qe3
$13) 20. Qf2 (20. Qxb6 $6 axb6 $17) 20... Be6 21. Rfd1 Be5 $15) 18... Rf8 (
18... Qb6+ $5 19. Qxb6 axb6 {with a dynamic balance, but I feel it is easier
to play as Black} 20. Bxg4 Bxg4 21. Rd3 Be5 $44) 19. Nd5 Bxd5 20. Qxd5 (20.
exd5 Bd4+ 21. Kh1 Ne3 22. Qxc7 Bb6 23. Qc6 Qe5 $1 $132 {with attacking ideas.})
20... Ne3 21. Qb3 Nxd1 22. Rxd1 Qe5 {Black is slightly better, but shouldn't
be enough for much. Anyway, I was in deep time trouble already, and thus,
worried about my situation.} 23. Qd5 Qf4 24. Qd3 $6 (24. g3 Qe3+ 25. Kf1 $15 {
followed by Qd3 or Rd3.}) 24... Be5 $6 (24... Re8 $1 25. Bf3 c5 $17 {
threatening ...Bd4+ and perhaps White's defensive task is not that simple.})
25. g3 Qg5 26. Kg2 h5 27. Qf3 h4 28. Qg4 Qxg4 29. Bxg4 hxg3 30. hxg3 Rb8 31.
Rd5 $1 {A good move to avoid a passive position.} f6 32. Be6+ Kg7 33. Rd7+ Kh6
34. Bb3 Kg5 35. Kf3 Rb6 36. Rd5 Rc6 37. Rd3 Rb6 38. Rd8 a5 39. a4 Rc6 40. Rd5 {
Reaching a solid fortress, I was happy to have escaped any danger.} Rb6 $2 {
My opponent just blundered, and suddenly I have chances out of nowhere.} 41.
Rxa5 Rb8 (41... Rc6 $1 {was the best, I can't dream about making progress here:
} 42. Rd5 Rc3+ 43. Rd3 Rc5 $44 {with enough activity to compensate the lost
pawn.}) 42. Rc5 Rh8 43. Kg2 (43. a5 $1 Rh1 44. Rc4 {Threatening Ra4.} Rf1+ 45.
Kg2 Ra1 46. Ra4 Rxa4 47. Bxa4 Bd4 48. a6 Kh6 (48... f5 49. e5 $1 $18) 49. Kf3
Kg7 50. c3 Bb6 51. e5 $1 fxe5 52. Ke4 Kf6 53. Kd5 Kg5 54. Bd7 Kf6 55. Bh3 $18)
43... Rd8 44. Rd5 Ra8 45. Rc5 Rd8 46. Rd5 Ra8 47. a5 Kg4 (47... Kh6 $1 $11 {
guarantees an instant draw, White can't defend against the simple ...Bc3.}) 48.
Rc5 Bxg3 49. Be6+ Kf4 (49... Kh4 $1 $14 {was best to avoid all problems.}) 50.
Bd5 $6 (50. e5 $1 {was a very good chance, although Black has enough resources
to defend:} fxe5 (50... Bh4 $5 {could be the simplest, but Black has to keep
defending to reach the draw:} 51. Bd5 Ra7 52. e6 f5 53. Rc4+ Ke5 54. Rxh4 Kxd5
55. e7 Ra8 56. Rh1 Re8 57. Re1 Kc6 58. Kf3 g5 $1 $14 {and Black should hold.})
51. Bd5 $1 {and the bishop is lost after Rc4+, forcing ...Rd8 now - which
miraculously defends, I think.} Rd8 52. a6 (52. Rc4+ $5 Kg5 53. Bb7 $16) 52...
c6 $1 53. Rc4+ (53. Bxc6 Rd2+ 54. Kf1 e4 55. Rc4 Bf2 56. Rxe4+ Kg3 $16 {
should be enough to hold the draw}) 53... e4 $1 (53... Kg5 54. Bxc6 $18) 54.
Rxe4+ (54. Bxe4 $5 Rd2+ 55. Kf1 Rd1+ 56. Ke2 Re1+ 57. Kd2 Ra1 58. Bxg6+ Ke5 59.
Rxc6 $16 {going into a long endgame with chances, but which should be drawn.})
54... Kg5 55. Kxg3 $5 {Converting into a rook endgame that looks won, but I
think Black defends with precise moves.} (55. Bxc6 Bb8 $16 {and once again it
is not easy.}) 55... Rxd5 56. a7 {The best chance.} (56. Ra4 $2 Rd8 $11) 56...
Rd8 57. Rf4 $1 {Preparing Rf7 followed by Kf4-Ke5.} Ra8 58. Rf7 Kh6 59. Kf4 g5+
$1 60. Kf5 (60. Ke5 Kg6 61. Rd7 g4 62. Kf4 Kf6 63. Kxg4 Ke6 $11 {and Black
holds, similar to the main line after 60.Kf5}) 60... g4 61. Kxg4 Kg6 62. Rc7 c5
$3 {The only move.} (62... Kf6 $2 {allows White to take on c6, relocate the
rook to a6 and then prevent the black rook from activating:} 63. Rxc6+ Ke7 64.
Ra6 Kd7 65. Kf5 Kc7 66. Ke6 Kb7 67. Ra3 {or any rook move on the a-file. The
key is that Black doesn't have time to play ...Re8+ followed by ...Ka8, since
White attacks the rook now:} Re8+ 68. Kd7 $18) 63. Kf4 Kf6 64. Ke4 Ke6 65. Rc6+
Kd7 66. Ra6 Kc7 67. Kd5 Kb7 68. Ra1 Rd8+ $1 69. Kxc5 Ka8 {Reaching a
theoretical draw, White can't make any progress.} 70. c4 Rd2 71. Kb5 Rb2+ 72.
Kc6 Ra2 $1 $11 {Not the only way to draw, but surely the prettiest one.} (72...
Rg2 {The side checks are also enough here:} 73. c5 Rg6+ 74. Kd7 Rg7+ 75. Kd6
Rg6+ 76. Kd7 Rg7+ 77. Kd6 $11)) 50... Rh8 $1 {The counterplay is very strong,
and White can't win anymore.} 51. a6 Rh2+ 52. Kf1 Rf2+ 53. Kg1 Re2 $1 54. a7
Re1+ 55. Kg2 Re2+ {Forcing a perpetual check.} 1/2-1/2

[Event "Concordia Rapid 2nd"]
[Site "Concordia"]
[Date "2016.07.10"]
[Round "6"]
[White "El Debs, Felipe de Cresce"]
[Black "Mekhitarian, Krikor Sevag"]
[Result "1/2-1/2"]
[WhiteElo "2508"]
[BlackElo "2587"]
[Annotator "Mekhitarian,K"]
[PlyCount "66"]
[EventDate "2016.07.08"]
[EventType "swiss (rapid)"]
[EventRounds "7"]
[EventCountry "BRA"]
[SourceTitle "CBM 174"]
[Source "ChessBase"]
[SourceDate "2016.09.13"]
[SourceVersion "1"]
[SourceVersionDate "2016.09.13"]
[SourceQuality "1"]

1. e4 c5 2. Nf3 d6 3. Bb5+ Nd7 4. d4 cxd4 5. Qxd4 a6 6. Bxd7+ Bxd7 7. c4 {
White tries to setup a strong 'fortress' against the light-squared bishop on
d7 by placing his pawns ideally on light squares (like c4-b3-a4, and later f3
as well, keeping the pawn on e4).} e5 8. Qd3 b5 $1 {Trying to break the
'fortress'.} (8... h6 {is a possible move, avoiding Bg5 (when Nf6 comes). But
normally I don't like this approach since White has an easy game and is left
with the queenside uncontested.} 9. Nc3 Nf6 10. O-O Rc8 (10... Be7 11. a4 b6
12. b3 Ra7 13. Rd1 Bc8 14. Ba3 Rd7 15. Nd2 O-O 16. Nf1 Bb7 17. Ne3 $16 {
1-0 (50) Tiviakov,S (2673)-Anand,V (2799) Germany 2012. Achieving a splendid
position with simple and logical chess.}) 11. a4 Be7 12. b3 O-O 13. Ba3 Bc6 14.
Rfd1 $14 {1-0 (45) Zhang,Z (2619)-Riff,J (2499) Berlin 2015}) 9. Nc3 bxc4 10.
Qxc4 h6 $5 {Sacrificing a pawn for activity.} (10... Be6 11. Qd3 h6 12. O-O Nf6
13. Rd1 Be7 14. Ne1 O-O 15. Nc2 Qb6 16. Ne3 Rac8 17. b3 Rc7 18. Bd2 Rfc8 19.
Rac1 $14 {1-0 (46) Howell,D (2667)-Greenfeld,A (2536) London 2014, is another
kind of position I wouldn't be happy with, since White was able to improve all
his pieces and can now think about placing one of the knights on d5 and one
day advance his queenside majority.}) 11. Nd5 (11. O-O Nf6 12. Ne1 {Here the
same plan does not work, with the bishop still on d7:} Qb6 13. Nc2 Rc8 14. Qd3
Bb5 $1 $36 {with a strong initiative.}) 11... Rc8 12. Qxa6 Nf6 {I already had
a game with this position. My opponent wasn't aware of it and came up with a
novelty that bothered me during the game.} 13. Nc3 (13. Nxf6+ {is the most
natural whereupon Black has good compensation:} Qxf6 14. O-O Be7 15. Qd3 O-O (
15... Qg6 $5 {followed by f5 right away was interesting too.}) 16. Bd2 $6 Rb8
$1 17. Rfb1 Qe6 18. a4 f5 19. b4 fxe4 (19... Bc6 $5 {was also interesting:} 20.
exf5 Rxf5 {The position resembles the Sveshnikov Variation of the Sicilian.}
21. Ne1 $6 Rbf8 22. Be3 Bg5) 20. Qxe4 Bf6 (20... Bc8 $5 $44 {preparing ...Bb7})
21. b5 d5 $44 {0-1 (29) Rodi,L (2344)-Mekhitarian,K (2570) Maraba 2016}) 13...
Bc6 $6 (13... Rc6 $1 14. Qd3 Be6 15. b3 Be7 16. O-O O-O $44 {followed by ...
Qa8 and ...Rfc8, with good compensation.}) 14. Qd3 Qb6 15. O-O Qb7 {This
formation is not ideal here, the rook on c8 loses potential, and it is not
clear what to do after White defends e4 and starts advancing his queenside. I
wasn't too happy when playing 13...Bc6, but it was a rapid game, and I had to
make a move.} 16. Re1 Be7 17. Nd2 $6 (17. a4 $1 O-O 18. a5 {Black has many
options, but I don't see how to improve the counterplay. A sample line showing
White's advantage:} Rfd8 19. a6 Qb3 20. a7 Ra8 21. Qa6 $16) 17... d5 $6 {
During the game, I thought it was urgent to begin play in the center and open
the position for my bishop pair to take advantage of his bad queenside
development.} (17... O-O $1 18. Nc4 {- Na5 is a threat here as well} Nxe4 19.
Nxe4 Bxe4 20. Qxe4 d5 21. Qxe5 Bf6 {I didn't see this during the game,
apparently Black is just slightly worse here.} 22. Nd6 Qb4 $1 23. Qe2 Qxd6 24.
a4 {it feels like Black will be able to equalize somehow.} Qb4 $44) 18. exd5
Nxd5 19. Nxd5 $6 {White had two good options instead:} (19. Nc4 $1 {Probably
the best.} Nxc3 20. bxc3 O-O 21. Nxe5 Rfd8 {Forced.} (21... Bxg2 $2 22. Rb1 $3
{A very difficult move that wins right away.} (22. Qg3 Be4 23. Bxh6 Bf6 $13 {
and Black is in the game}) 22... Qa8 23. Qg3 Be4 24. Bxh6 Bf6 25. Rb6 $1 $18 (
25. Nd7 $18 {also wins})) 22. Qg3 Bd6 {and although Black has chances it is a
very depressing position for him, with two pawns down.} 23. Bf4 $16) (19. Qg3
$5 Kf8 20. Qxe5 (20. Nc4 {would be the most logical, activating the last
pieces, but then Black holds on without losing a second pawn:} Nxc3 21. bxc3 f6
$1 (21... Bxg2 $6 {is somewhat risky} 22. Nxe5 $1 (22. Qxg2 $6 Qxg2+ 23. Kxg2
Rxc4 {should only be enough for a draw:} 24. Rxe5 Bf6 25. Rb5 Ke7 $14) 22...
Bd5 23. Bf4 $16 {followed by Rab1}) 22. Na5 Qa6 23. Nxc6 Qxc6 24. a4 Kf7) 20...
Nb4 $44 {and Black gets some play with ...Rd8, ...Bf6 and ...Nd3 (if allowed).}
) 19... Bxd5 20. Rxe5 Rd8 (20... Bxg2 $2 21. Ne4 $1 {White forces the exchange
of the light-squared bishop and liquidates to a won endgame:} Bxe4 22. Qxe4 $16
) 21. Qe2 Rd7 $1 {Now after ...0-0 followed by ...Bf6 (attacking both
queenside pawns) Black will have very strong compensation, enough to equalise
the position quickly, as happened in the game.} (21... Bxg2 $2 22. Rxe7+ Qxe7
23. Qxe7+ Kxe7 24. Kxg2 $18) 22. Nf3 (22. Ne4 $2 {White has to be careful not
to run into back rank mating ideas:} Bxe4 23. Rxe4 Qxe4 24. Qxe4 Rd1+ 25. Qe1
Rxe1#) 22... O-O 23. Bf4 Bf6 {Black achieves the maximum potential of his
pieces and can safely obtain a draw.} 24. Re3 Qxb2 25. Qxb2 Bxb2 26. Rd1 (26.
Rb1 {wouldn't change anything:} Bf6 27. a3 Ra8 $11 {and a3 falls at some point.
}) 26... Ra8 27. Ne5 Bxe5 28. Bxe5 f6 (28... Rxa2 {is also enough, but I
didn't want to weaken my kingside since I had the option} 29. Rg3 g6 $11) 29.
Red3 fxe5 30. Rxd5 Rxd5 31. Rxd5 Rxa2 32. g3 Ra1+ 33. Kg2 Re1 1/2-1/2